Diego Rivera (Record no. 7768)

MARC details
000 -CABECERA
campo de control de longitud fija 00776nam a2200241 a 4500
001 - NÚMERO DE CONTROL
campo de control BRCA_8100
005 - FECHA Y HORA DE LA ÚLTIMA TRANSACCIÓN
campo de control 20190320210130.0
008 - DATOS DE LONGITUD FIJA--INFORMACIÓN GENERAL
campo de control de longitud fija 070414s1965----mx-oa##f##---#000-0#spa-#
041 ## - CÓDIGO DE LENGUA
Código de lengua del texto/banda sonora o título independiente spa
044 ## - CÓDIGO DEL PAÍS DE LA ENTIDAD EDITORA/PRODUCTORA
Código MARC del país mx
050 #4 - SIGNATURA TOPOGRÁFICA DE LA BIBLIOTECA DEL CONGRESO
Número de clasificación ND259.R5
Número de documento/Ítem .D54
-- 1965
245 10 - MENCIÓN DE TÍTULO
Título Diego Rivera
Resto del título de la colección de la señora Dolores Olmedo de Olvera.
260 ## - PUBLICACIÓN, DISTRIBUCIÓN, ETC.
Lugar de publicación, distribución, etc. México
Nombre del editor, distribuidor, etc. INBA
Fecha de publicación, distribución, etc. 1965
300 ## - DESCRIPCIÓN FÍSICA
Extensión 1 v. (sin paginación)
Otras características físicas il., fot.
Dimensiones 21 cm.
500 ## - NOTA GENERAL
Nota general Y145
500 ## - NOTA GENERAL
Nota general Colección de exposición-homenaje
600 14 - PUNTO DE ACCESO ADICIONAL DE MATERIA--NOMBRE DE PERSONA
Nombre de persona Rivera, Diego
Fechas asociadas al nombre 1886-1957
9 (RLIN) 1330
650 14 - PUNTO DE ACCESO ADICIONAL DE MATERIA--TÉRMINO DE MATERIA
Término de materia o nombre geográfico como elemento de entrada Pintores
Subdivisión de forma Homenajes
Subdivisión geográfica México
9 (RLIN) 20152
650 14 - PUNTO DE ACCESO ADICIONAL DE MATERIA--TÉRMINO DE MATERIA
Término de materia o nombre geográfico como elemento de entrada Pintura
Subdivisión de forma Exposiciones
Subdivisión geográfica México
9 (RLIN) 6508
700 1# - PUNTO DE ACCESO ADICIONAL--NOMBRE DE PERSONA
Nombre de persona Olmedo de Olvera, Dolores
Fechas asociadas al nombre 1908-2002
Forma completa/desarrollada del nombre Olmedo y Patiño Suárez, Dolores
9 (RLIN) 20153
902 ## - CATALOGADOR
Iniciales GFM
942 ## - ELEMENTOS DE PUNTO DE ACCESO ADICIONAL (KOHA)
Fuente del sistema de clasificación o colocación Library of Congress Classification
Tipo de ítem Koha Libros
Holdings
Estado de retiro Estado de pérdida Estado dañado No para préstamo Localización permanente Ubicación/localización actual Fecha de adquisición Número de inventario Total de préstamos Signatura topográfica completa Código de barras Fecha visto por última vez Precio válido a partir de Tipo de ítem Koha
El ejemplar forma parte de la colección y puede ser consultado según las políticas vigentes.       Biblioteca del Museo Franz Mayer (Rogerio Casas-Alatriste) Biblioteca del Museo Franz Mayer (Rogerio Casas-Alatriste) 07/04/2014 Y145   ND259.R5 .D54 1965 (Y145) 8724 22/03/2019 22/03/2019 Libros